Statystyki dla Narodowości zawodników w EA FC 24 w ultimate team

Kliknij tutaj aby rozwiązać quiz!

Ogólne statystyki

  • Ten quiz został rozwiązany 23 razy
  • Średni wynik to 81 z 155

Statystyki odpowiedzi

Kraj% Poprawnych
Polska
91%
Francja
83%
Argentyna
74%
Brazylia
74%
Czechy
74%
Hiszpania
74%
Norwegia
74%
Portugalia
74%
Algieria
70%
Anglia
70%
Egipt
70%
Estonia
70%
Finlandia
70%
Islandia
70%
Litwa
70%
Niemcy
70%
Rosja
70%
Szwecja
70%
Ukraina
70%
Węgry
70%
Albania
65%
Austria
65%
Dania
65%
Grecja
65%
Holandia
65%
Japonia
65%
Łotwa
65%
Malta
65%
Republika Południowej Afryki
65%
Serbia
65%
Słowacja
65%
Andora
61%
Arabia Saudyjska
61%
Armenia
61%
Belgia
61%
Białoruś
61%
Boliwia
61%
Bułgaria
61%
Chile
61%
Chiny
61%
Chorwacja
61%
Demokratyczna Republika Konga
61%
Ekwador
61%
Honduras
61%
Indie
61%
Irak
61%
Iran
61%
Irlandia
61%
Izrael
61%
Kamerun
61%
Kazachstan
61%
Korea Północna
61%
Korea Południowa
61%
Kosowo
61%
Luksemburg
61%
Meksyk
61%
Mołdawia
61%
Peru
61%
Senegal
61%
Słowenia
61%
Stany Zjednoczone
61%
Surinam
61%
Szkocja
61%
Szwajcaria
61%
Urugwaj
61%
Walia
61%
Wenezuela
61%
Włochy
61%
Zjednoczone Emiraty Arabskie
61%
Angola
57%
Australia
57%
Azerbejdżan
57%
Cypr
57%
Czarnogóra
57%
Filipiny
57%
Gruzja
57%
Gwinea
57%
Indonezja
57%
Jamajka
57%
Kanada
57%
Kolumbia
57%
Kongo
57%
Kuba
57%
Liban
57%
Macedonia
57%
Nowa Zelandia
57%
Paragwaj
57%
Rumunia
57%
Ghana
52%
Gwinea Równikowa
52%
Irlandia Północna
52%
Kenia
52%
Kostaryka
52%
Liechtenstein
52%
Nigeria
52%
Sudan
52%
Tunezja
52%
Turcja
52%
Uzbekistan
52%
Bośnia i Hercegowina
48%
Burkina Faso
48%
Jordania
48%
Liberia
48%
Libia
48%
Madagaskar
48%
Maroko
48%
Panama
48%
Wyspy Owcze
48%
Czad
43%
Dominikana
43%
Fidżi
43%
Gabon
43%
Gujana
43%
Gwatemala
43%
Haiti
43%
Mali
43%
Pakistan
43%
Antigua i Barbuda
39%
Gwinea Bissau
39%
Mozambik
39%
Namibia
39%
Republika Środkowoafrykańska
39%
Sudan Południowy
39%
Tajlandia
39%
Togo
39%
Wybrzeże Kości Słoniowej
39%
Zambia
39%
Burundi
35%
Gambia
35%
Malawi
35%
Mauretania
35%
Mauritius
35%
Republika Zielonego Przylądka
35%
Salwador
35%
Sierra Leone
35%
Syria
35%
Tanzania
35%
Trynidad i Tobago
35%
Uganda
35%
Zimbabwe
35%
Benin
30%
Gibraltar
30%
Komory
30%
Portoryko
30%
Sri Lanka
30%
Grenada
26%
Palestyna
26%
Saint Kitts i Nevis
26%
Saint Lucia
26%
Vanuatu
26%
Curacao
17%
Bermudy
13%
Hongkong
13%
Montserrat
9%
Taipei
0%

Rozkład punktacji

Percentyl według liczby udzielonych odpowiedzi

Procent ludzi z każdym wynikiem

Twoja historia wyników

Nie rozwiązałeś tego quizu